La fiesta de la taquigrafía : (Record no. 32160)

MARC details
000 -LEADER
campo de control de longitud fija 01106nam a2200229 i 4500
001 - NÚMERO DE CONTROL
campo de control 32160
003 - IDENTIFICADOR DE NÚMERO DE CONTROL
campo de control ES-MaACL
005 - FECHA Y HORA DE LA ÚLTIMA TRANSACCIÓN
campo de control 20250630060936.0
007 - CAMPO FIJO DE DESCRIPCIÓN FÍSICA--INFORMACIÓN GENERAL
campo de control de longitud fija t|
008 - DATOS DE LONGITUD FIJA--INFORMACIÓN GENERAL
campo de control de longitud fija 030227s1858 sp ||||1| spa d
245 03 - MENCIÓN DEL TÍTULO
Título La fiesta de la taquigrafía :
Resto del título discursos leídos en el acto solemne del examen público de los alumnos de esta Escuela Especial, el domingo 6 de junio de 1858.
260 ## - PUBLICACIÓN, DISTRIBUCIÓN, ETC.
Lugar de publicación, distribución, etc. Madrid :
Nombre del editor, distribuidor, etc. [s.n.],
Fecha de publicación, distribución, etc. 1858 (
Fabricante Imp. de Luis García)
300 ## - DESCRIPCIÓN FÍSICA
Extensión 29 p., [1] p. pleg. ;
Dimensiones 23 cm.
505 8# - NOTA DE CONTENIDO CON FORMATO
Nota de contenido con formato Contiene: Discurso / del alumno Don Juan Romero y Vargas . La taquigrafía: ¿es verdad o es mentira? / diálogo taquigráfico por los señores Don Eduardo Bailés y Don Jacinto Castillo y Abascal . Discurso / del profesor D. Francisco de Paula Madrazo . La taquigrafía: soneto / Julio Nombela
700 1# - ENTRADA AGREGADA--NOMBRE PERSONAL
Nombre de persona Romero y Vargas, Juan.
9 (RLIN) 99453
700 1# - ENTRADA AGREGADA--NOMBRE PERSONAL
Nombre de persona Bailés, Eduardo.
9 (RLIN) 24688
700 1# - ENTRADA AGREGADA--NOMBRE PERSONAL
Nombre de persona Madrazo, Francisco de Paula.
9 (RLIN) 75338
700 1# - ENTRADA AGREGADA--NOMBRE PERSONAL
Nombre de persona Nombela, Julio,
Fechas asociadas al nombre 1836-1919
9 (RLIN) 85930
710 2# - ENTRADA AGREGADA--NOMBRE DE ENTIDAD CORPORATIVA
Nombre de entidad corporativa o nombre de jurisdicción como elemento de entrada Escuela Especial de Taquigrafía.
9 (RLIN) 3569
852 4# - LOCALIZACIÓN
Ubicación ES-MaACL
Número de control de estantería T-10-F-12
Holdings
Estatus retirado Estado de pérdida Estado de daño No para préstamo Colección Biblioteca de origen Biblioteca actual Ubicación en estantería Fecha de adquisición Fuente de adquisición Total de préstamos Signatura topográfica completa Código de barras Visto por última vez Precio de reemplazo Tipo de ítem Koha
        Colección de folletos Biblioteca del Ateneo de Madrid Biblioteca del Ateneo de Madrid Depósito folletos 17/01/2008     T-10-F-12 1033289 23/02/2023 23/02/2023 Folleto